Rachunkowosc malych firm
Salvato in:
| Autore principale: | |
|---|---|
| Altri autori: | |
| Natura: | Libro |
| Lingua: | polacco |
| Pubblicazione: |
Warszawa
Polskie Wydawnictwo Ekonomiczne
1998
|
| Soggetti: | |
| Tags: |
Nessun Tag, puoi essere il primo ad aggiungerne!!
|
MARC
| LEADER | 00000nam a2200000 4500 | ||
|---|---|---|---|
| 001 | c122150 | ||
| 005 | 20221221083413.4 | ||
| 020 | |a 83-208-1106-6 | ||
| 041 | 0 | |a pol | |
| 044 | |a PL | ||
| 245 | 1 | 0 | |a Rachunkowosc malych firm |c Teresa Kiziukiewicz, Kazimierz Sawicki |
| 264 | 1 | |a Warszawa |b Polskie Wydawnictwo Ekonomiczne |c 1998 | |
| 300 | |a 238 s. | ||
| 610 | 2 | 0 | |a účtovníctvo |
| 610 | 2 | 0 | |a firmy |
| 610 | 2 | 0 | |a podnik malý |
| 610 | 2 | 0 | |a evidencia účtovná |
| 610 | 2 | 0 | |a knihy účtovné |
| 610 | 2 | 0 | |a príjmy |
| 610 | 2 | 0 | |a výdavky |
| 100 | 1 | |a Kiziukiewicz, Teresa | |
| 700 | 1 | |a Sawicki, Kazimierz | |